| 000 | 00528nam a2200181 a 4500 | ||
|---|---|---|---|
| 005 | 20140412111354.0 | ||
| 008 | 050427s19uu xx 00 eng d | ||
| 020 | _a0-03-011402-0 | ||
| 050 |
_aTR(GS 507 _bA88 1989 |
||
| 100 | _aAbruscato, Joseph | ||
| 245 |
_aHolt Science, 2 / _cJoseph Abruscato, et al. |
||
| 250 | _aTeacher's Edition | ||
| 260 |
_aAustin, Texas : _bHolt, Rinehart and Winston, Inc., _c1989. |
||
| 300 | _aT293 p. ; ill. | ||
| 500 | _aSpiral | ||
| 650 |
_aSciences _xStudy and teaching |
||
| 999 |
_c105370 _d105370 |
||